000 00328nam a2200133Ia 4500
005 20251222155134.0
008 251222s9999||||xx |||||||||||||| ||spa||
082 _aANT.15
100 _aLUMBRERAS Luis.
245 0 _aLos Orígenes de la Civilización en el Perú
250 _a6ta. ed.
264 _bMilla Batres
942 _cLIB
999 _c38942
_d38942